Gustando / (Record no. 27030)

MARC details
000 -LEADER
fixed length control field 00845nam a22002537a 4500
001 - CONTROL NUMBER
control field sjds
003 - CONTROL NUMBER IDENTIFIER
control field sjds
005 - DATE AND TIME OF LATEST TRANSACTION
control field 20220808213521.0
008 - FIXED-LENGTH DATA ELEMENTS--GENERAL INFORMATION
fixed length control field 220524b arg||||| |||| 00| 0 spa d
020 ## - INTERNATIONAL STANDARD BOOK NUMBER
International Standard Book Number 9501106608
020 ## - INTERNATIONAL STANDARD BOOK NUMBER
International Standard Book Number 9789501106602
020 ## - INTERNATIONAL STANDARD BOOK NUMBER
International Standard Book Number 9789501180473 (series)
040 ## - CATALOGING SOURCE
Transcribing agency sjds
041 ## - LANGUAGE CODE
Language code of text/sound track or separate title spa
Language code of original eng
100 10 - MAIN ENTRY--PERSONAL NAME
Personal name Smith, Kathie Billingslea.
245 ## - TITLE STATEMENT
Title Gustando /
Statement of responsibility, etc. textos de Kathie Billingslea Smith y Victoria Crenson ; ilustraciones de Robert S. Storms ; supervision medica de Ira T. Fine ; traduccion de Delia M.G. de Acuna
260 ## - PUBLICATION, DISTRIBUTION, ETC. (IMPRINT)
Place of publication, distribution, etc. Buenos Aires :
Name of publisher, distributor, etc. Editorial Sigmar,
Date of publication, distribution, etc. c1988.
300 ## - PHYSICAL DESCRIPTION
Extent 24 unnumbered pages :
Other physical details color illustrations ;
Dimensions 21 cm.
440 ## - SERIES STATEMENT/ADDED ENTRY--TITLE
Title Coleccion Mil preguntas
500 ## - GENERAL NOTE
General note Translation of: Tasting.
700 10 - ADDED ENTRY--PERSONAL NAME
Personal name Crenson, Victoria
700 10 - ADDED ENTRY--PERSONAL NAME
Personal name Storms, Robert S.
942 ## - ADDED ENTRY ELEMENTS (KOHA)
Koha item type Libro/Book
Holdings
Withdrawn status Lost status Damaged status Not for loan Home library Current library Shelving location Date acquired Inventory number Total Checkouts Full call number Barcode Date last seen Date checked out Price effective from Koha item type Total Renewals
        Azul y Blanco -- Satellite Azul y Blanco -- Satellite   24/05/2022 inventory date: 30/1/25   JNC 35201594 24/05/2022   24/05/2022 Libro/Book  
        Barbudos -- Satellite Barbudos -- Satellite   24/05/2022 Inventory date: 7/7/25   JNC 35802055 24/05/2022   24/05/2022 Libro/Book  
        Capulin -- Satellite Capulin -- Satellite   24/05/2022 Inventory date: 7/7/25   JNC 35102044 24/05/2022   24/05/2022 Libro/Book  
        Genizero -- Satellite Genizero -- Satellite   24/05/2022 Inventory date: 7/7/25   JNC 35602042 24/05/2022   24/05/2022 Libro/Book  
        Las Brisas 1 -- Satellite Las Brisas 1 -- Satellite   24/05/2022 Inventory date: 7/4/25   JNC 40002285 24/05/2022   24/05/2022 Libro/Book  
        Las Brisas 2 -- Satellite Las Brisas 2 -- Satellite   24/05/2022 Inventory date: 7/4/25   JNC 40102284 24/05/2022   24/05/2022 Libro/Book  
        Las Pampas -- Satellite Las Pampas -- Satellite   24/05/2022 inventory date: 17-1-25 1 JNC 35702041 20/05/2024 06/03/2024 24/05/2022 Libro/Book  
        Monte Cristo -- Satellite Monte Cristo -- Satellite   24/05/2022     JNC 40202282 24/05/2022   24/05/2022 Libro/Book  
        San Jeronimo -- Satellite San Jeronimo -- Satellite   24/05/2022 inventory date: 14-1-25   JNC 35902253 24/05/2022   24/05/2022 Libro/Book  
        San Juan Del Sur -- Biblioteca San Juan Del Sur -- Biblioteca Children's Area 24/05/2022 Inventory date: 15-5-25 1 JNC 30029498 29/11/2022 20/09/2022 24/05/2022 Libro/Book  
        Carrizal -- Satellite San Juan Del Sur -- Biblioteca   24/05/2022 Inventory date: 13-1-25 1 JNC 3700461 29/06/2023 06/01/2023 24/05/2022 Libro/Book  
        San Juan Del Sur -- Mobile San Juan Del Sur -- Mobile   24/05/2022 Inventory date: 27-2-25 2 JNC 33016569 05/11/2024 22/10/2024 24/05/2022 Libro/Book  
        San Juan Del Sur -- Mobile San Juan Del Sur -- Mobile   08/08/2022 Inventory date: 10-2-25 3 JNC 33016403 20/03/2024 20/03/2024 08/08/2022 Libro/Book 1
        Sevadilla -- Satellite Sevadilla -- Satellite   24/05/2022 Inventory date: 7/7/25   JNC 35402044 24/05/2022   24/05/2022 Libro/Book  
        Zaragoza -- Satellite Zaragoza -- Satellite   24/05/2022   1 JNC 35502045 21/02/2024 21/06/2023 24/05/2022 Libro/Book  

Powered by Koha